000 00714nam a2200217 a 4500
001 000028729
005 20240409073824.0
008 110411s1999 dr 000 j spa d
040 _aDO-SdBNP
_bspa
_cBNPHU
082 _aRD863.44
_bB715c, 1999
100 1 _aBonilla, Santiago,
_d1961-
_955616
245 1 0 _aCuentos para niños(as) /
_cSantiago Bonilla.
250 _a2a. ed.
260 _aSanto Domingo :
_bBúho,
_c1999.
300 _a54 p. ;
_c21 cm.
500 _aIncluye datos biográficos del autor en la contracubierta.
590 _aInventariado, 2020/MFF
650 0 _aCuentos infantiles dominicanos
_9505
650 4 _aLiteratura infantil dominicana
_9441
910 _aValidado. Control de calidad MFF
999 _c28221
_d28221